Đêm hội Long Trì

Đêm hội Long Trì quy tụ một dàn diễn viên xuất sắc, những bối cảnh công phu trên nền một câu chuyện vốn đã được nhà văn Nguyễn Huy Tưởng mô tả đầy lôi cuốn về những âm mưu chốn cung đình....

Descripció completa

Guardat en:
Dades bibliogràfiques
Format: Llibre
Idioma:Undetermined
Publicat: Thành phố Hồ Chí Minh Phương Nam phim 2010
Matèries:
Etiquetes: Afegir etiqueta
Sense etiquetes, Sigues el primer a etiquetar aquest registre!
Thư viện lưu trữ: Trung tâm Học liệu Trường Đại học Cần Thơ
LEADER 00908nam a2200193Ia 4500
001 CTU_215171
008 210402s9999 xx 000 0 und d
020 |c 27500 
082 |a 791.43 
082 |b Đ253/T.1 
245 0 |a Đêm hội Long Trì 
245 0 |c Hải Ninh (Đạo diễn) ; Lê Vân, Thế Anh, Thu Hà (Diễn viên) 
260 |a Thành phố Hồ Chí Minh 
260 |b Phương Nam phim 
260 |c 2010 
520 |a Đêm hội Long Trì quy tụ một dàn diễn viên xuất sắc, những bối cảnh công phu trên nền một câu chuyện vốn đã được nhà văn Nguyễn Huy Tưởng mô tả đầy lôi cuốn về những âm mưu chốn cung đình. 
650 |a Motion pictures,Phim điện ảnh 
904 |i Tuyến 
980 |a Trung tâm Học liệu Trường Đại học Cần Thơ